Normal view
MARC view
- محاسبة الشركات
Entry Topical Term
001 - CONTROL NUMBER
- control field: 34967
003 - CONTROL NUMBER IDENTIFIER
- control field: JO-AjAnu
005 - DATE AND TIME OF LATEST TRANSACTION
- control field: 20230606075842.0
008 - FIXED-LENGTH DATA ELEMENTS
- fixed length control field: 230606|| aca||aabn | a|a d
040 ## - CATALOGING SOURCE
- Original cataloging agency: JO-AjAnu
- Transcribing agency: JO-AjAnu
150 ## - HEADING--TOPICAL TERM
- Topical term or geographic name entry element: محاسبة الشركات
670 ## - SOURCE DATA FOUND
- Source citation: Work cat.: (JO-AjAnu)17957: عبد السيد، يسى, author 34966, المحاسبة في الشركات: شركات التضامن، شركات التوصية البسيطة، شركات المحاصة، شركات المساهمة، شركات التوصية بالاسهم